| 000 | 00506 a2200205 4500 | ||
|---|---|---|---|
| 001 | 17618 | ||
| 999 |
_c17618 _d4326 |
||
| 003 | TR-AnTOB | ||
| 005 | 20190408212812.0 | ||
| 008 | 041102s2003 tu tur | ||
| 020 | _a9752860397 | ||
| 041 | _atur | ||
| 050 |
_aPL248.K35 _bD88 2003 |
||
| 090 | _aPL248.K35 D88 2003 | ||
| 100 |
_aKakınç, Tarık Dursun _96799 |
||
| 245 | 0 |
_aDünya düzdür / _cTarık Dursun Kakınç. |
|
| 264 | 1 |
_aİstanbul : _bBulut Yayınları, _c2003 |
|
| 300 |
_a263 p. ; _c20 cm. |
||
| 902 | _a0005455 | ||
| 942 | _cBK | ||